Análisis de la degradación de desechos en una celda experimental receptora de residuos sólidos urbanos (RSU)
Tallennettuna:
| Päätekijä: | |
|---|---|
| Muut tekijät: | |
| Aineistotyyppi: | Tuntematon |
| Kieli: | Spanish |
| Julkaistu: |
[San José ], Costa Rica
2019
|
| Aiheet: | |
| Tagit: |
Lisää tagi
Ei tageja, Lisää ensimmäinen tagi!
|
MARC
| LEADER | 00000 a2200000 4500 | ||
|---|---|---|---|
| 003 | 013175 | ||
| 005 | 20230309101641.0 | ||
| 008 | 140114s2019 cr a m 000 ||spa d | ||
| 040 | |c cru CEDI | ||
| 100 | |a Aguilar Mora, Marvin De Jesús |9 19194 | ||
| 245 | |a Análisis de la degradación de desechos en una celda experimental receptora de residuos sólidos urbanos (RSU) | ||
| 260 | |a [San José ], Costa Rica |c 2019 | ||
| 500 | |a Proyecto de graduación (licenciatura en ingeniería civil)--Universidad de Costa Rica. Facultad de Ingeniería. Escuela de Ingeniería Civil. | ||
| 501 | |a Directora de Proyecto de Graduación: Ing. Paola Vidal Rivera | ||
| 650 | |x CEMENTERIOS - CONSTRUCCION |x INDUSTRIA DE LA CONSTRUCCION |x ANALISIS DE COSTOS | ||
| 700 | |9 2 |a Vidal Rivera, Paola Marcela 1979- |d Directora del TFG | ||
| 942 | |c CEDI |h TFG 8325 |6 TFG_8325_000000000000000 | ||
| 999 | |c 12502 |d 12502 | ||
